|
|
|
|
| LEADER |
01749nam a22004212a 4500 |
| 001 |
000092174 |
| 003 |
CZ BrMZK |
| 005 |
20170104065124.0 |
| 007 |
ta |
| 008 |
950101s1987 xr f f 0 cze d |
| 015 |
|
|
|a cnb000034307
|
| 040 |
|
|
|a BOA001
|b cze
|
| 072 |
|
7 |
|a 616
|x Patologie. Klinická medicína
|2 Konspekt
|9 14
|
| 080 |
|
|
|a 616.711
|2 MRF
|
| 080 |
|
|
|a 616.711-008.6
|2 MRF
|
| 080 |
|
|
|a 616-07
|2 MRF
|
| 080 |
|
|
|a 616-08:615.827
|2 MRF
|
| 080 |
|
|
|a (035)
|2 MRF
|
| 100 |
1 |
|
|a Rychlíková, Eva,
|d 1934-
|7 jk01103315
|4 aut
|
| 245 |
1 |
0 |
|a Manuální medicína :
|b vyšetřování, diagnostika, léčení /
|c Eva Rychlíková
|
| 250 |
|
|
|a 1. vyd.
|
| 260 |
|
|
|a Praha :
|b Avicenum,
|c 1987
|
| 300 |
|
|
|a 328 s.
|
| 504 |
|
|
|a Obsahuje bibliografii
|
| 650 |
0 |
7 |
|a nemoci páteře
|7 ph134926
|2 czenas
|
| 650 |
0 |
7 |
|a funkční poruchy páteře
|7 ph276792
|2 czenas
|
| 650 |
0 |
7 |
|a diagnostika (lékařství)
|7 ph114312
|2 czenas
|
| 650 |
0 |
7 |
|a manuální terapie
|7 ph392765
|2 czenas
|
| 655 |
|
7 |
|a příručky
|7 fd133209
|2 czenas
|
| 856 |
4 |
1 |
|u http://www.digitalniknihovna.cz/mzk/uuid/uuid:f755a310-69e8-11e2-8aec-005056827e52
|y Digitalizovaný dokument
|x NDK
|
| 910 |
|
|
|a BOA001
|b 2-0924.614
|
| 990 |
|
|
|a BK
|
| 991 |
|
|
|b 200612
|
| 996 |
7 |
|
|b 2619917186
|c 2-0924.614
|l MZK
|r Sklad / do 1 hodiny
|n 2
|w 000092174
|u 000040
|a 1
|e BOA001
|j MZK50
|s A
|
| 996 |
7 |
|
|b 2619917187
|c 2-0924.614
|l MZK
|r Sklad / do 1 hodiny
|n 13
|w 000092174
|u 000020
|a 1
|e BOA001
|j MZK50
|s A
|
| 996 |
7 |
|
|b 2619917188
|c 2-0924.614
|l MZK
|r Sklad / do 1 hodiny
|n 4
|w 000092174
|u 000050
|a 1
|e BOA001
|j MZK50
|s A
|
| 996 |
6 |
|
|b 2619965152
|c 2-0924.614
|l MZK
|r Sklad / do 1 hodiny
|n 1
|w 000092174
|u 000030
|a 1
|e BOA001
|j MZK50
|s P
|
| 996 |
7 |
|
|b 2619983289
|c 2-0924.614
|l MZK
|r Sklad / do 1 hodiny
|n 20
|w 000092174
|u 000010
|a 1
|e BOA001
|j MZK50
|s A
|